Albums commençant par la lettre A - Statistiques

Statistiques générales
  • Ce quiz a été pris 27 fois
  • Le résultat moyen est 5 sur 20
Statistiques - réponses
Par images Réponse % Correct
AM - Arctic Monkeys
74%
Abbey Road - The Beatles
61%
Affranchis - Sofiane
57%
Adios Bahamas - Nepal -
52%
Astroworld - Travis Scott
52%
Akimbo - Ziak
48%
All Eyez On Me - 2Pac
39%
America - America
26%
Aerosmith - Aerosmith
22%
After Hours - The Weeknd
22%
American Dream - 21 Savage
17%
Around the Fur - Deftones
13%
Amnesiac - Radiohead
9%
Apollo XXI - Steve Lacy
9%
Atom Heart Mother - Pink Floyd
9%
Au Baccara - Odezenne
9%
Awaken, my love ! - Childish Gambino
9%
À peu près - Pomme
4%
Armed and dangerous - Juice WRLD
4%
Arrival - ABBA
4%
Aucun quiz correspondant
Distribution des résultats
% des personnes avec chaque résultat
Percentile par nombre de réponses
Votre historique - résultats
Vous n’avez pas pris ce quiz